1744 1159 1971 1895 1782 1545 1429 1045 1882 1757 1127 1589 1212 1806 1301 1755 1794 1298 1106 1078 1671 1630 1915 1279 1172 1510 1713 1484 1241 1253 1198 1588 1923 1757 1078 1918 1458 1849 1221 1170 1163 1693 1780 1802 1466 1564 1062 1656 1037 1014 1247 1865 1478 1079 1842 1093 1930 1882 1963 1730 1737 1092 1445 1785 1160 1598 1731 1112 1175 1909 1441 1022 1788 1078 1586 1179 1102 1123 1019 1029 1707 1587 1090 1646 1892 1283 1556 1702 1208 1095 1590 1118 1547 1238 1149 1747 1896 1294 1033 BCNSPRNW ULIB Ver.6.0+V

เปลี่ยนเป็นภาษาไทย

Change to English
 แสดงรายละเอียดบรรณานุกรม
  กลับหน้าหลัก

Brief Record : Get Marc (ISO 2709) : E-mail record : QR code < ปิดหน้าต่าง
LEADER : 00000nam 2200000uu 4500
001    13399127942
003     ULIB
008    211115s2021||||th 000 0 tha d
020    ^a9780323636520
060 04 ^aWS270^bR823T
100 1  ^aRoss E. Petty
245 10 ^aTextbook of pediatric rheumatology /^cRoss E. Petty, Ronald M. Laxer, Carol B. Lindsley,Lucy R. Wedderburn, Elizabeth D. Mellins,Robert C Fuhlbrigge
250    ^a8th ed.
260    ^aPhiladelphia :^bElsevier,^c2021
300    ^axii, 748 p. :^bill. ;^c29 cm.
504    ^aIncludes bibliographical references
650  2 ^aArthritis^xin infancy & childhood
650  2 ^aCollagen Diseases^xin infancy & childhood
650  2 ^aRheumatic Diseases^xin infancy & childhood
700 1  ^aPetty, Ross E.
945    ^p5295^l0^i008530
999    ^aประนอม เกษจรัล
รายการนี้ยังไม่มีแท็ก
คุณยังไม่ได้ล็อกอิน คุณสามารถมีกิจกรรมร่วมกับเว็บไซต์ได้ แต่ต้องล็อกอินก่อน ::
  ล็อกอิน

รายการสื่อสารสนเทศ

ลำดับที่ ประเภท เลขเรียก/บาร์โค้ด สถานที่ สถานะ
1. วิทยาศาสตร์การแพทย์ และสุขภาพ
หนังสือสำรอง
สถานะ=หนังสือสำรอง
WS270 R823T ฉ.1 
  Barcode: 008530
ห้องสมุดวิทยาเขตสวรรค์ประชารักษ์
►หนังสือทั่วไป
บนชั้น

BibComment


ยังไม่เคยถูกคอมเมนท์

คอมเมนท์ทรัพยากรรายการนี้
  คอมเมนท์: Textbook of pedi..


 Copyright 2026. Bcnsprnw @Library